Les pays ayant gagné le plus de coupes du monde de la FIFA - Statistiques

Statistiques générales
  • Ce quiz a été pris 895 fois
  • Le résultat moyen est 8 sur 8
Statistiques - réponses
Hint Réponse % Correct
1er Brésil: 5 étoiles
100%
5 France: 2 étoiles
100%
2 Allemagne: 4 étoiles
99%
4 Argentine: 3 étoiles
99%
3 Italie: 4 étoiles
98%
8 Espagne: 1 étoile
97%
7 Angleterre: 1 étoile
93%
6 Uruguay: 2 étoiles
90%
Aucun quiz correspondant
Distribution des résultats
% des personnes avec chaque résultat
Percentile par nombre de réponses
Votre historique - résultats
Vous n’avez pas pris ce quiz